000 00198nam a22000857a 4500
008 161124b xxu||||| |||| 00| 0 eng d
100 _91408
_aMerrick.D.
245 _aGrammar 5-6
260 _aUSA
_bTCR
_c2011
999 _c4123
_d4123